Normal view
MARC view
- البرمجه(الحاسبات الالكترونية) - برامج
Entry Topical Term
001 - CONTROL NUMBER
- control field: 61089
003 - CONTROL NUMBER IDENTIFIER
- control field: JO-AjAnu
005 - DATE AND TIME OF LATEST TRANSACTION
- control field: 20230606084001.0
008 - FIXED-LENGTH DATA ELEMENTS
- fixed length control field: 230606|| aca||aabn | a|a d
040 ## - CATALOGING SOURCE
- Original cataloging agency: JO-AjAnu
- Transcribing agency: JO-AjAnu
150 ## - HEADING--TOPICAL TERM
- Topical term or geographic name entry element: البرمجه(الحاسبات الالكترونية) - برامج
670 ## - SOURCE DATA FOUND
- Source citation: Work cat.: (JO-AjAnu)31159: الزعبي، محمد بلال وآخرون، م.مشارك احمد الشرايعة، م.مشارك منيب قطيشات، م.مشارك سهير عبدالله فارس، م.مشارك خالدة محمد صايل الزعبي, author 61088, مهارات الحاسوب: (الحاسوب والبرمجيات الجاهزة)